[Event "Match"]
[Site "www.echecsemail.com"]
[Date "2016.11.20"]
[Round "1"]
[White "Traub"]
[Black "Istomc"]
[WhiteElo "1290"]
[BlackElo "1630"]
[Result "1-0"]
[Round "1"]
1.e4 d5
2.exd5 Qd8xd5
3.Nb1c3 Qd5e6
4.Bf1e2 Ng8f6
5.d4 g6
6.Ng1f3 Bf8g7
7.Nf3e5 Nb8c6
8.f4  { time }
1-0

[Event "Match"]
[Site "www.echecsemail.com"]
[Date "2016.11.20"]
[Round "1"]
[White "Babedad"]
[Black "Oseanvega"]
[WhiteElo "2220"]
[BlackElo "1749"]
[Result "1-0"]
[Round "1"]
1.Ng1f3 Ng8f6
2.g3 g6
3.Bf1g2 Bf8g7
4.O-O O-O
5.d3 d5
6.Nb1d2 c5
7.Rf1e1 Nb8c6
8.e4  { time }
1-0

[Event "Match"]
[Site "www.echecsemail.com"]
[Date "2016.11.20"]
[Round "1"]
[White "Oseanvega"]
[Black "Mdesouza"]
[WhiteElo "1749"]
[BlackElo "2330"]
[Result "0-1"]
[Round "1"]
1.d4 Ng8f6
2.c4 g6
3.Nb1c3 Bf8g7
4.e4 d6
5.Ng1f3 O-O
6.Bf1e2 e5
7.O-O Nb8c6
 { time }
0-1

[Event "Match"]
[Site "www.echecsemail.com"]
[Date "2016.11.20"]
[Round "1"]
[White "Coraza"]
[Black "Wwgia"]
[WhiteElo "1840"]
[BlackElo "1990"]
[Result "1-0"]
[Round "1"]
1.e4 c5
2.Bf1c4 Nb8c6
3.Qd1f3 Nc6e5
4.Qf3b3 Ne5xc4
5.Qb3xc4 e6
6.d3 Ng8f6
7.Ng1f3 d5
8.exd5 exd5
9.Qc4b5 Bc8d7
10.Qb5xb7 Bf8d6
11.O-O O-O
12.Bc1g5 Bd7g4
13.Bg5xf6 gxf6
14.Nb1d2 Ra8b8
15.Qb7xa7 Rb8xb2
16.Rf1c1 Kh8
17.Qa7a3 Rb2b8
18.c4 d4
19.Rc1e1 Rf8g8
20.h3 Bg4xh3
21.g3 Qd8c7
22.Kh2 Bh3g4
23.Nf3g1 Rg8g6
24.Qa3c1 Rb8g8
25.Nd2e4 Rg6h6
26.Kg2 f5
27.Qc1xh6 fxe4
28.Re1xe4 Bg4f5
29.Qh6f6 { resign }
1-0

[Event "Match"]
[Site "www.echecsemail.com"]
[Date "2016.11.20"]
[Round "1"]
[White "Nulladies"]
[Black "Oseanvega"]
[WhiteElo "1840"]
[BlackElo "1749"]
[Result "1-0"]
[Round "1"]
1.d4 Ng8f6
2.Bc1f4 g6
3.Ng1f3 Bf8g7
4.e3 O-O
5.c4 d6
6.Nb1c3 c5
7.Bf1e2 Nb8d7
8.O-O b6
9.Ra1b1  { time }
1-0

[Event "1/64 Finale"]
[Site "www.chess-mail.com"]
[Date "2016.11.20"]
[Round "1"]
[White "Ssharp"]
[Black "Osopanda"]
[WhiteElo "2170"]
[BlackElo "2050"]
[Result "0-1"]
[Round "1"]
1.e4 e5
2.Ng1f3 f5
3.exf5 d6
4.Bf1d3 Ng8f6
5.Nb1c3 Nb8d7
6.O-O Bf8e7
7.b3 d5
8.Bd3b5 c6
9.Bb5e2 O-O
10.Bc1b2 d4
11.Nc3b1 Nf6d5
12.c4 Nd5f4
13.d3 Nf4xe2
14.Qd1xe2 Rf8xf5
15.Nb1d2 Be7d6
16.Nd2e4 Bd6e7
17.a4 Nd7f6
18.Ne4g3 Rf5f4
19.Bb2c1 Rf4g4
20.Nf3xe5 Rg4h4
21.Bc1g5 Rh4g4
22.Bg5xf6 Rg4xg3
23.Bf6xe7 Qd8xe7
24.fxg3 Bc8e6
25.Ra1e1 Ra8e8
26.Ne5f3 c5
 { time }
0-1

[Event "1/128 Finale"]
[Site "www.chess-mail.com"]
[Date "2016.11.20"]
[Round "1"]
[White "Bojan"]
[Black "Redapond1"]
[WhiteElo "1980"]
[BlackElo "1499"]
[Result "1-0"]
[Round "1"]
1.c4 e5
2.a3 Ng8f6
3.b4 Bf8e7
4.Bc1b2 a5
5.b5 Be7c5
6.e3 O-O
7.Bb2xe5 d6
8.Be5b2 Bc8e6
9.a4 Nf6e4
10.Qd1f3 d5
11.cxd5 Be6xd5
12.Qf3g3 Ne4xg3
13.hxg3 Bc5b4
14.Ng1f3 Bd5xf3
15.gxf3 c6
16.Nb1c3 Bb4xc3
17.Bb2xc3 cxb5
18.axb5 b6
19.d4 Qd8d5
20.Bf1d3 Qd5xf3
21.Bd3xh7 Kh8
22.Bh7e4 Kg8
23.Be4xf3 Nb8d7
24.Bf3xa8 Rf8xa8
25.Rh1h4 Nd7f6
26.Ke2 Nf6d5
27.Kd3 a4
28.e4 Nd5f6
29.Ra1h1 { resign }
1-0

[Event "Tourn. n9074"]
[Site "www.chess-mail.com"]
[Date "2016.11.21"]
[Round "1"]
[White "Bojan"]
[Black "Mitja"]
[WhiteElo "1990"]
[BlackElo "1970"]
[Result "0-1"]
[Round "1"]
1.d4 d5
2.c4 dxc4
3.e4 e6
4.Bf1xc4 c6
5.a3 h6
6.b4 b6
7.Ng1f3 Bc8b7
8.Nb1c3 Ng8e7
9.Bc1f4 Ne7g6
10.Bf4g3 Bf8e7
11.Nf3e5 Ng6xe5
12.Bg3xe5 Be7f6
13.Be5xf6 Qd8xf6
14.Nc3e2 Qf6g6
15.Ne2g3 O-O
16.d5 exd5
17.exd5 Rf8e8
18.Kf1 cxd5
19.Bc4xd5 Bb7xd5
20.Qd1xd5 Nb8c6
21.Ra1e1 Re8xe1
22.Kxe1 Qg6b1
23.Qd5d1 Ra8e8
24.Ng3e2 Qb1e4
25.Kf1 Re8d8
26.Qd1c1 Qe4d3
27.Qc1c3 Qd3d1
28.Qc3e1 Qd1c2
29.Ne2d4 Nc6xd4
30.g3 Nd4f3
31.Qe1e3 Rd8d1
32.Kg2 Rd1xh1
33.Kxh1 Qc2d1
34.Kg2 Nf3e1
{ resign }
0-1

[Event "Tourn. n9044"]
[Site "www.chess-mail.com"]
[Date "2016.11.21"]
[Round "1"]
[White "Mao"]
[Black "Nulladies"]
[WhiteElo "1840"]
[BlackElo "1830"]
[Result "1-0"]
[Round "1"]
1.e4 c5
2.Ng1f3 g6
3.d4 cxd4
4.Nf3xd4 Bf8g7
5.Nb1c3 Nb8c6
6.Bc1e3 Ng8f6
7.Qd1d2 Nc6xd4
8.Be3xd4 O-O
9.O-O-O b6
10.f3 Bc8b7
11.g4 h6
12.h4 h5
13.g5 Nf6e8
14.Bf1g2 f6
15.Rh1f1 e5
16.gxf6 Bg7xf6
17.Bd4f2 g5
18.Qd2xd7 Ne8g7
19.Qd7xb7 Qd8b8
20.Qb7xb8 Ra8xb8
21.Rd1d7 Rf8f7
22.Rf1d1 Rb8b7
23.Rd7xb7 Rf7xb7
24.Rd1d6 Bf6e7
25.Rd6d3 Ng7e6
26.Bf2g3 gxh4
27.Bg3xe5 Be7g5
28.Kb1 Ne6c5
29.Rd3d5 Nc5d7
30.Be5d6 Nd7f6
31.Rd5xg5 Rb7g7
32.Rg5xg7 Kxg7
33.Bd6e5 Kg6
34.Be5xf6 Kxf6
35.Nc3d5 { resign }
1-0

[Event "Tourn. n8957"]
[Site "www.chess-mail.com"]
[Date "2016.11.21"]
[Round "1"]
[White "Wegaman"]
[Black "Johnmcbride"]
[WhiteElo "1840"]
[BlackElo "1900"]
[Result "1-0"]
[Round "1"]
1.d4 d5
2.c4 e6
3.Nb1c3 c6
4.Ng1f3 h6
5.e3 Bf8d6
6.c5 Bd6c7
7.Bf1e2 Ng8f6
8.O-O O-O
9.Ra1b1 b6
10.b4 b5
11.Qd1c2 Nb8a6
12.a3 Bc8d7
13.Rf1e1 Qd8e7
14.Be2d3 Ra8e8
15.e4 Nf6xe4
16.Nc3xe4 dxe4
17.Bd3xe4 f5
18.Be4d3 Na6b8
19.a4 a6
20.a5 Re8d8
21.Nf3e5 Bc7xe5
22.Re1xe5 Rf8f6
23.Bc1f4 Rd8e8
24.Rb1e1 Qe7f7
25.Bf4g3 g5
26.h3 Bd7c8
27.Bd3e2 Re8e7
28.Qc2d1 Nb8d7
29.Be2h5 Qf7h7
30.Re5e2 Nd7f8
31.Bg3e5 Nf8d7
32.Be5xf6 Nd7xf6
33.Bh5f3 Bc8d7
34.Bf3xc6 Bd7xc6
35.Re2xe6 Re7xe6
36.Re1xe6 Qh7d7
37.Re6xf6 Kg7
38.Rf6xc6 Qd7xc6
39.d5 Qc6d7
40.Qd1d4 Kg6
41.d6 h5
42.Qd4d5 Kg7
43.c6 Qd7f7
44.Qd5xf7 Kxf7
45.c7 { resign }
1-0

[Event "Tourn. n9072"]
[Site "www.chess-mail.com"]
[Date "2016.11.21"]
[Round "1"]
[White "Norlavuaram"]
[Black "Ozana"]
[WhiteElo "2250"]
[BlackElo "2010"]
[Result "0-1"]
[Round "1"]
1.e4 d6
2.d4 Ng8f6
3.Bf1d3 e5
4.c3 d5
5.dxe5 Nf6xe4
6.Ng1f3 Nb8c6
7.O-O Ne4c5
8.Bd3c2 Bc8g4
9.Bc1f4 d4
10.cxd4 Bg4xf3
11.Qd1xf3 Nc6xd4
12.Qf3d1 Nd4xc2
13.Qd1xc2 Qd8d3
14.Qc2c1 O-O-O
15.Nb1c3 Qd3f5
16.Bf4g3 Nc5e6
17.Rf1d1 Bf8c5
18.Rd1xd8 Rh8xd8
19.h3 a6
20.Qc1e1 Qf5c2
21.Qe1c1 Qc2d3
22.Qc1d1 Qd3xg3
{ resign }
0-1

[Event "Tourn. n8938"]
[Site "www.chess-mail.com"]
[Date "2016.11.21"]
[Round "1"]
[White "Kampungboy"]
[Black "Numanoid"]
[WhiteElo "2430"]
[BlackElo "2280"]
[Result "1-0"]
[Round "1"]
1.e4 e6
2.d4 d5
3.Nb1c3 Bf8b4
4.e5 c5
5.a3 Bb4xc3
6.bxc3 Ng8e7
7.Qd1g4 Ne7f5
8.Bf1d3 h5
9.Qg4f4 Qd8c7
10.Bc1d2 Nb8c6
11.Ng1f3 Nc6e7
12.dxc5 Qc7xc5
13.O-O Bc8d7
14.Rf1b1 b6
15.Qf4g5 Bd7a4
16.h3 O-O-O
17.Rb1b4 Ba4d7
18.a4 Rd8f8
19.Qg5f4 f6
20.exf6 gxf6
21.Bd3a6 Kd8
22.Qf4b8 Ne7c8
23.c4 Qc5c7
24.Qb8xc7 Kxc7
25.cxd5 e5
26.c4 Nc8e7
27.a5 Rf8a8
28.Rb4b2 Ne7g6
29.Bd2c3 Rh8b8
30.Rb2c2 Ng6f4
31.Nf3xe5 { resign }
1-0

[Event "Tourn. n9034"]
[Site "www.chess-mail.com"]
[Date "2016.11.21"]
[Round "1"]
[White "Tonino1"]
[Black "Prize640"]
[WhiteElo "2030"]
[BlackElo "2219"]
[Result "0-1"]
[Round "1"]
1.f4 e5
2.e4 exf4
3.Bf1c4 Ng8f6
4.e5 d5
5.Bc4b3 Nf6e4
6.Ng1f3 g5
7.d3 Ne4c5
8.c3 Bf8g7
9.d4 Nc5xb3
10.Qd1xb3 O-O
11.O-O Nb8c6
12.Nb1a3 f6
13.exf6 Bg7xf6
14.Rf1e1 g4
15.Nf3e5 Bf6xe5
16.dxe5 f3
17.Bc1e3 Nc6xe5
18.Ra1d1 fxg2
19.Rd1xd5 Ne5f3
20.Kxg2 Nf3xe1
21.Kg1 Bc8e6
22.Rd5xd8 Be6xb3
23.Rd8xa8 Rf8xa8
24.axb3 Ra8e8
25.Kf2 Ne1d3
26.Ke2 Nd3xb2
27.Na3b5 c6
28.Nb5d4 Nb2d1
29.Nd4c2 Nd1xe3
30.Nc2xe3 Kf7
{ resign }
0-1

[Event "Tourn. n9067"]
[Site "www.chess-mail.com"]
[Date "2016.11.21"]
[Round "1"]
[White "Norlavuaram"]
[Black "Ozana"]
[WhiteElo "2240"]
[BlackElo "2010"]
[Result "0-1"]
[Round "1"]
1.e4 d6
2.d4 Ng8f6
3.Bf1d3 e5
4.c3 Nb8d7
5.Ng1f3 Bf8e7
6.h3 O-O
7.O-O c5
8.Bc1e3 d5
9.dxe5 dxe4
10.exf6 Nd7xf6
11.Bd3e2 exf3
12.Be2xf3 Bc8e6
13.Qd1c2 Nf6d5
14.Be3c1 Qd8c7
15.Nb1d2 Ra8d8
16.Nd2e4 Nd5f4
17.Bc1e3 f5
18.Be3xf4 Qc7xf4
19.Ne4g3 Rd8d2
20.Qc2c1 Be7g5
21.Qc1e1 Be6c4
22.Bf3e2 Bc4f7
23.b3 Rf8e8
24.Ra1d1 Rd2xa2
25.Rd1d7 Qf4xg3
26.fxg3 Re8xe2
27.Qe1xe2 Ra2xe2
28.Rd7xb7 Bg5e3
29.Kh1 Bf7d5
30.Rb7b8 Kf7
31.Rf1xf5 Ke6
32.Rf5xd5 Re2e1
33.Kh2 Be3g1
34.Kh1 Kxd5
35.Rb8b7 a6
{ resign }
0-1

[Event "Tourn. n9068"]
[Site "www.chess-mail.com"]
[Date "2016.11.21"]
[Round "1"]
[White "Attatroll"]
[Black "Caspito"]
[WhiteElo "1930"]
[BlackElo "1860"]
[Result "1-0"]
[Round "1"]
1.e4 e5
2.Nb1c3 Ng8f6
3.f4 d5
4.exd5 Nf6xd5
5.Ng1f3 Nd5xc3
6.bxc3 Bf8d6
7.fxe5 Bd6c5
8.d4 Bc5b6
9.Bf1d3 Bc8g4
10.O-O O-O
11.a4 Bg4xf3
12.Qd1xf3 c6
13.Qf3h5 g6
14.Qh5h6 Bb6xd4
15.cxd4 Qd8xd4
16.Kh1 Qd4xa1
17.Bc1g5 Qa1xe5
18.Bg5f6 Qe5xf6
19.Rf1xf6 Rf8e8
20.h3 Nb8d7
21.Rf6d6 Nd7e5
22.Qh6f4 Ne5xd3
23.cxd3 c5
24.Rd6d7 { resign }
1-0

[Event "Tourn. n9030"]
[Site "www.chess-mail.com"]
[Date "2016.11.21"]
[Round "1"]
[White "Attatroll"]
[Black "Fred"]
[WhiteElo "1950"]
[BlackElo "1980"]
[Result "1/2-1/2"]
[Round "1"]
1.c4 e5
2.Nb1c3 f5
3.Ng1f3 Nb8c6
4.b3 Bf8b4
5.Bc1b2 d6
6.e3 Ng8f6
7.Bf1e2 O-O
8.O-O h6
9.Nc3d5 Nf6xd5
10.cxd5 Nc6e7
11.Be2c4 Kh8
12.a3 Bb4a5
13.b4 Ba5b6
14.Nf3xe5 dxe5
15.Bb2xe5 Ne7xd5
16.Qd1h5 Nd5f6
17.Be5xf6 Rf8xf6
18.d4 c6
19.Rf1d1 Bb6c7
20.d5 cxd5
21.Bc4xd5 Bc7e5
22.Ra1c1 Qd8e7
23.f4 Be5b2
24.Rc1c2 Qe7xe3
25.Kh1 Bc8d7
26.Rc2xb2 Ra8e8
27.h3 Qe3xf4
28.Qh5f3 Qf4xf3
29.Bd5xf3 Bd7c6
30.Bf3xc6 Rf6xc6
31.Rb2d2 Rc6c3
32.Rd2d3 Rc3c2
33.Rd3d8 Re8xd8
34.Rd1xd8 Kh7
35.Kh2 Rc2a2
36.Rd8d7 Ra2xa3
37.Rd7xb7 Ra3b3
38.Rb7xa7 Rb3xb4
39.Kg3 h5
40.Kf3 Kh6
41.Ra7a5 g6
42.Ra5c5 Kg5
43.Kg3 Rb4b3
44.Kf2 h4
45.Rc5c4 Kh5
46.Rc4a4 Rb3b5
47.Kf3 g5
48.Ra4c4 Rb5b3
49.Kf2 g4
50.hxg4 fxg4
51.Rc4c5 Kg6
52.Rc5c6 Kf5
53.Rc6c5 Ke6
54.Rc5h5 h3
55.gxh3 gxh3
56.Kg1 Kf6
57.Kh2 Kg6
58.Rh5xh3 Rb3xh3
59.Kxh3 Kf5
{ draw }
1/2-1/2

[Event "Tourn. n9033"]
[Site "www.chess-mail.com"]
[Date "2016.11.21"]
[Round "1"]
[White "Tonino1"]
[Black "Norlavuaram"]
[WhiteElo "2030"]
[BlackElo "2200"]
[Result "1/2-1/2"]
[Round "1"]
1.f4 b6
2.d4 Bc8b7
3.e3 e6
4.Ng1f3 Nb8c6
5.Bf1d3 Ng8f6
6.b3 Bf8e7
7.Bc1b2 O-O
8.Nb1d2 d5
9.O-O Nc6b4
10.Bd3e2 c5
11.a3 Nb4c6
12.Nf3e5 Ra8c8
13.Be2d3 a6
14.Ra1c1 b5
15.c3 c4
16.bxc4 dxc4
17.Bd3e2 Nf6d5
18.Rf1f3 Nd5f6
19.Rf3h3 Nc6b8
20.Be2f3 Nf6d5
21.Qd1e2 Nb8d7
22.g3 f6
23.Ne5xd7 Qd8xd7
24.e4 Nd5b6
25.Bf3g2 g6
26.Rc1e1 a5
27.f5 Rf8f7
28.fxe6 Qd7xe6
29.d5 Be7c5
30.Kh1 Qe6e7
31.Nd2f3 Rc8e8
32.Nf3d2 Bb7xd5
33.Bb2c1 Bd5a8
34.Qe2g4 f5
35.Qg4h4 fxe4
36.Qh4xe7 Rf7xe7
37.Rh3h4 e3
38.Nd2f3 Nb6d5
39.Nf3d4 b4
40.Bg2xd5 Ba8xd5
41.Kg1 bxa3
42.Nd4c2 e2
43.Nc2d4 a2
44.Bc1b2 a4
45.Rh4f4 a3
46.Bb2a1 Re7b7
47.Kf2 Rb7b1
48.h4 Rb1xe1
49.Kxe1 Re8b8
50.Kxe2 Rb8b1
51.Nd4c2 Bd5e6
52.Rf4f1 Be6f5
{ draw }
1/2-1/2

[Event "Tourn. n9024"]
[Site "www.chess-mail.com"]
[Date "2016.11.21"]
[Round "1"]
[White "Bojan"]
[Black "Johnmcbride"]
[WhiteElo "1980"]
[BlackElo "1930"]
[Result "1-0"]
[Round "1"]
1.c4 g6
2.Nb1c3 Bf8g7
3.e4 e5
4.Qd1a4 c6
5.b4 d6
6.d3 Nb8a6
7.Ng1f3 Na6c7
8.Bf1e2 Bg7f6
9.h3 Bc8d7
10.Qa4b3 Qd8e7
11.Bc1e3 a6
12.a4 Qe7d8
13.Nf3h2 Bd7e6
14.Qb3a3 Ng8e7
15.Be3b6 O-O
16.Nh2g4 Bf6g7
17.Qa3c1 Ne7c8
18.Bb6e3 Nc8a7
19.h4 b5
20.cxb5 axb5
21.a5 Nc7a6
22.Ra1b1 Qd8d7
23.Ng4h6 Kh8
24.h5 f6
25.hxg6 Bg7xh6
26.Rh1xh6 Be6g8
27.f4 exf4
28.Be3xf4 Ra8d8
29.Kd2 c5
30.Nc3d5 Bg8xd5
31.Rh6xh7 Qd7xh7
32.gxh7 Bd5a2
33.Rb1b2 Ba2f7
34.bxc5 Na6xc5
35.Bf4e3 Nc5b3
36.Rb2xb3 Bf7xb3
37.Be3xa7 Rd8c8
38.Qc1a3 Rf8f7
39.Qa3xb3 Rf7xh7
40.Ba7d4 Rh7c7
41.Qb3xb5 Rc7c2
42.Ke3 Rc2c6
43.Bd4xf6 Kg8
44.Qb5g5 Kf7
45.Be2h5 Ke6
46.Qg5f5 
1-0

[Event "Tourn. n9032"]
[Site "www.chess-mail.com"]
[Date "2016.11.21"]
[Round "1"]
[White "Gimmyg"]
[Black "Szustan"]
[WhiteElo "2480"]
[BlackElo "2650"]
[Result "1/2-1/2"]
[Round "1"]
1.Ng1f3 Nb8c6
2.b3 e5
3.Bc1b2 e4
4.Nf3d4 Nc6xd4
5.Bb2xd4 d5
6.e3 Ng8f6
7.c4 Bf8e7
8.Nb1c3 c6
9.cxd5 cxd5
10.f3 O-O
11.Bf1e2 b6
12.O-O Bc8b7
13.Qd1b1 Ra8c8
14.a4 Rf8e8
15.b4 Be7d6
16.f4 a6
17.Rf1c1 h6
18.Qb1b3 Bd6f8
19.Ra1b1 Qd8d6
20.Qb3d1 Qd6e6
21.Qd1f1 Rc8a8
22.h3 Re8c8
23.Qf1f2 Kh8
24.Qf2h4 Bf8e7
25.Rc1f1 Kg8
26.Qh4g3 Kh8
{ draw }
1/2-1/2

[Event "Match"]
[Site "www.echecsemail.com"]
[Date "2016.11.21"]
[Round "1"]
[White "Istomc"]
[Black "Coraza"]
[WhiteElo "1630"]
[BlackElo "1800"]
[Result "0-1"]
[Round "1"]
1.e4 e5
2.Ng1f3 Nb8c6
3.Nb1c3 Ng8f6
4.Bf1c4 h6
5.d4 Bf8d6
6.O-O O-O
7.a3 Rf8e8
8.d5 Nc6a5
9.b3 c6
10.Bc1b2 b5
11.Bc4e2 Na5b7
12.b4 a5
13.h3 a4
 { time }
0-1

[Event "Match"]
[Site "www.echecsemail.com"]
[Date "2016.11.21"]
[Round "1"]
[White "Paco"]
[Black "Azorau"]
[WhiteElo "1920"]
[BlackElo "2020"]
[Result "1-0"]
[Round "1"]
1.e4 e5
2.Ng1f3 Nb8c6
3.Bf1c4 h6
4.d4 Qd8f6
5.d5 Nc6e7
6.b4 Ne7g6
7.b5 Bf8c5
8.O-O d6
9.c3 Bc8g4
10.Bc1e3 Bg4xf3
11.Qd1xf3 Qf6xf3
12.gxf3 Ng8f6
13.Be3xc5 dxc5
14.a4 O-O
15.Nb1d2 Nf6h5
16.Nd2b3 Ng6h4
17.Nb3xc5 b6
18.Nc5a6 Nh5f4
19.Na6xc7 Nh4xf3
20.Kh1 Ra8c8
21.d6 Kh8
22.Ra1a2 Rc8d8
23.Rf1d1 Nf3g5
24.a5 Ng5xe4
25.axb6 axb6
26.d7 Ne4xf2
27.Kg1 Nf2xd1
28.Ra2d2 Nd1xc3
29.Rd2d6 e4
30.Kf2 Nf4h3
31.Ke3 f5
32.Nc7e6 f4
33.Kd4 f3
34.Ne6xf8 Nc3e2
35.Kxe4 Nh3g1
36.Ke3 g5
37.Kf2 g4
38.Nf8e6 Ng1h3
39.Kf1 h5
40.Ne6xd8 Kg7
41.Nd8e6 Kf6
42.d8Q Ke5
43.Ne6d4 h4
44.Qd8e7 Kf4
45.Rd6f6 { resign }
1-0

[Event "Match"]
[Site "www.echecsemail.com"]
[Date "2016.11.21"]
[Round "1"]
[White "Manuelito"]
[Black "Iko"]
[WhiteElo "1599"]
[BlackElo "1610"]
[Result "0-1"]
[Round "1"]
1.d4 d5
2.e3 Ng8f6
3.Ng1f3 e6
4.Bf1e2 Nf6e4
5.O-O Nb8c6
6.c4 dxc4
7.Be2xc4 Bf8d6
8.Nb1c3 Ne4xc3
9.bxc3 O-O
10.Bc1b2 e5
11.d5 Nc6a5
12.Bc4e2 Bc8f5
13.Qd1a4 b6
14.e4 Qd8d7
15.Qa4xd7 Bf5xd7
16.c4 Ra8b8
17.Nf3xe5 Bd7a4
18.Bb2d4 f6
19.Ne5f3 Rb8e8
20.Be2d3 g5
21.h3 h5
22.Rf1e1 Bd6b4
23.Re1e2 c5
24.Bd4b2 g4
25.hxg4 hxg4
26.Nf3h4 a6
27.g3 Re8e5
28.Nh4g6 Kg7
29.Ng6xf8 Kxf8
30.Bb2xe5 fxe5
31.f3 gxf3
32.Re2f2 Bb4c3
33.Ra1c1 Bc3d4
34.g4 Kg7
35.Kh2 Bd4xf2
36.Rc1f1 Bf2d4
37.Rf1xf3 Ba4d1
38.Rf3g3 Kg6
39.g5 b5
40.Rg3g1 Bd1f3
41.Rg1g3 Bf3d1
42.Kh3 Bd4f2
43.Rg3g2 Bf2e1
44.Rg2g1 bxc4
45.Bd3xc4 Na5xc4
46.Rg1xe1 Bd1c2
47.Re1c1 Nc4a3
48.Kg4 Bc2xe4
49.d6 Be4f5
50.Kh4 c4
51.Rc1d1 Bf5d7
52.Rd1f1 c3
53.Rf1f6 Kg7
54.g6 Kxf6
{ resign }
0-1

[Event "Match"]
[Site "www.echecsemail.com"]
[Date "2016.11.21"]
[Round "1"]
[White "Sonny1000"]
[Black "Canario"]
[WhiteElo "1350"]
[BlackElo "1830"]
[Result "0-1"]
[Round "1"]
1.e4 e5
2.Ng1f3 Nb8c6
3.h4 Ng8f6
4.Nf3g5 Bf8c5
5.f3 h6
6.Ng5h3 d6
7.c3 a6
8.b4 Bc5a7
9.b5 axb5
10.Bf1xb5 Bc8xh3
11.gxh3 O-O
12.Bb5xc6 bxc6
13.Qd1a4 Ba7f2
14.Kxf2 Ra8xa4
15.Nb1a3 Nf6h5
16.Rh1g1 Nh5f4
17.Ke3 Qd8xh4
18.c4 Nf4xh3
19.Rg1g4 Qh4f2
20.Kd3 Qf2xf3
21.Kc2 Qf3xg4
22.d3 Rf8b8
23.Ra1b1 Qg4e2
24.Bc1d2 Rb8xb1
25.Na3xb1 Ra4xa2
26.Kb3 Ra2xd2
27.Nb1xd2 Qe2xd2
28.Ka4 Qd2b2
29.Ka5 Nh3f4
30.c5 Qb2b5
{ resign }
0-1

[Event "Tourn. n8935"]
[Site "www.chess-mail.com"]
[Date "2016.11.22"]
[Round "1"]
[White "Tartan"]
[Black "Kampungboy"]
[WhiteElo "2430"]
[BlackElo "2430"]
[Result "0-1"]
[Round "1"]
1.d4 Ng8f6
2.c4 c5
3.d5 e6
4.Nb1c3 exd5
5.cxd5 d6
6.e4 g6
7.Bf1d3 Bf8g7
8.Ng1e2 O-O
9.O-O Nf6g4
10.Bc1f4 Ng4e5
11.Bf4xe5 Bg7xe5
12.Qd1d2 Nb8d7
13.a4 Be5g7
14.f4 Qd8a5
15.Kh1 Rf8e8
16.Ne2g1 c4
17.Bd3c2 a6
18.Ng1f3 Nd7c5
19.e5 Bc8g4
20.Qd2d4 Qa5b4
21.Nc3a2 Qb4b6
22.Qd4xc4 Ra8c8
23.a5 Qb6xb2
24.Rf1b1 Nc5d7
25.Qc4xc8 Qb2xb1
26.Ra1xb1 Re8xc8
27.Bc2d1 dxe5
28.fxe5 Nd7c5
29.Na2b4 Bg4xf3
30.Bd1xf3 Bg7xe5
31.Rb1c1 Be5f4
32.Rc1c4 Bf4d6
33.Nb4c2 Rc8e8
34.Rc4c3 f5
35.g3 Nc5e4
36.Bf3xe4 Re8xe4
37.Nc2e3 Kf7
{ resign }
0-1

[Event "Tourn. n8980"]
[Site "www.chess-mail.com"]
[Date "2016.11.22"]
[Round "1"]
[White "Tartan"]
[Black "Seger"]
[WhiteElo "2490"]
[BlackElo "2770"]
[Result "0-1"]
[Round "1"]
1.d4 Ng8f6
2.c4 e6
3.Nb1c3 c5
4.d5 exd5
5.cxd5 d6
6.Ng1f3 Bf8e7
7.e4 O-O
8.Bf1e2 Bc8g4
9.O-O Rf8e8
10.Nf3d2 Bg4xe2
11.Qd1xe2 Be7f8
12.f3 a6
13.a4 Nb8d7
14.Nd2c4 Nd7e5
15.Nc4xe5 Re8xe5
16.Bc1f4 Re5e8
17.Qe2c2 g6
18.Qc2b3 Bf8g7
19.Qb3xb7 Nf6h5
20.Bf4e3 f5
21.a5 Bg7e5
22.Be3f2 Ra8b8
23.Qb7xa6 Rb8xb2
24.Nc3d1 Rb2d2
25.Ra1a3 Nh5f4
26.Qa6b5 Re8f8
{ resign }
0-1

[Event "Tourn. n8938"]
[Site "www.chess-mail.com"]
[Date "2016.11.22"]
[Round "1"]
[White "Tartan"]
[Black "Kampungboy"]
[WhiteElo "2430"]
[BlackElo "2430"]
[Result "0-1"]
[Round "1"]
1.e4 Ng8f6
2.e5 Nf6d5
3.d4 d6
4.Ng1f3 dxe5
5.Nf3xe5 c6
6.Bf1e2 Bc8f5
7.O-O Nb8d7
8.Be2d3 Bf5xd3
9.Ne5xd3 e6
10.c4 Nd5e7
11.Bc1g5 h6
12.Bg5e3 Ne7f5
13.Nb1d2 Bf8e7
14.Qd1b3 Qd8c7
15.Rf1e1 O-O
16.Nd2f3 Rf8d8
17.Ra1d1 Nf5xe3
18.Re1xe3 Be7f6
19.c5 b6
20.Qb3c2 bxc5
21.dxc5 Ra8b8
22.b3 Nd7f8
23.Nf3e5 Rd8d5
24.Rd1e1 Nf8d7
25.Ne5f3 a5
26.a3 g5
27.Qc2c4 Qc7b7
28.b4 axb4
29.axb4 Qb7b5
30.Qc4c2 Rb8a8
31.Nf3d2 Bf6d4
32.Re3f3 Nd7e5
33.Nd3xe5 Bd4xe5
34.Rf3b3 Ra8a4
35.Re1b1 Rd5d4
36.Rb1e1 Be5g7
{ resign }
0-1

[Event "Tourn. n9053"]
[Site "www.chess-mail.com"]
[Date "2016.11.22"]
[Round "1"]
[White "Falcoale"]
[Black "Redabond"]
[WhiteElo "1880"]
[BlackElo "1750"]
[Result "1-0"]
[Round "1"]
1.e4 e5
2.Ng1f3 Nb8c6
3.b3 Bf8c5
4.Bc1b2 Ng8f6
5.Nb1c3 Nf6g4
6.d4 exd4
7.Nc3a4 d6
8.Bf1d3 O-O
9.O-O Bc8d7
10.Na4xc5 b6
11.Nc5xd7 Qd8xd7
12.Nf3xd4 Nc6e5
13.h3 Ng4f6
14.f4 Ne5g6
15.f5 Ng6e7
16.Nd4e2 Rf8e8
17.Bb2xf6 gxf6
18.Ne2f4 d5
19.Nf4h5 dxe4
20.Nh5xf6 { resign }
1-0

[Event "Tourn. n8975"]
[Site "www.chess-mail.com"]
[Date "2016.11.22"]
[Round "1"]
[White "Manuelito"]
[Black "Cal"]
[WhiteElo "1599"]
[BlackElo "1670"]
[Result "1/2-1/2"]
[Round "1"]
1.d4 d5
2.e3 a6
3.a3 Nb8c6
4.Ng1f3 h6
5.Nb1c3 Ng8f6
6.Bf1d3 e6
7.O-O Bf8d6
8.h3 O-O
9.b4 b5
10.Bc1b2 Nc6e7
11.Rf1e1 c6
12.Nf3e5 Bd6xe5
13.dxe5 Nf6h7
14.f4 f6
15.exf6 Rf8xf6
16.g4 e5
17.f5 Nh7g5
18.Bd3f1 Qd8d6
19.Bf1g2 Ng5f7
20.e4 d4
21.Nc3e2 Nf7g5
22.Ne2g3 Bc8b7
23.h4 Ng5f7
24.Ng3h5 Kh7
25.Nh5xf6 Qd6xf6
26.h5 Qf6h4
27.Bb2c1 a5
28.Qd1f3 Ra8c8
29.Re1f1 Ne7g8
30.Qf3h3 Qh4xh3
31.Bg2xh3 Nf7g5
32.Bc1xg5 hxg5
33.Rf1b1 axb4
34.axb4 c5
35.bxc5 Rc8xc5
36.Bh3f1 Ng8f6
37.Bf1d3 Nf6xg4
38.Bd3e2 Ng4e3
39.Be2d3 g4
40.Ra1a7 Bb7c6
41.Kf2 Kh6
42.Ra7e7 Rc5c3
43.Re7xe5 Kxh5
44.f6 Kg6
45.fxg7 Kxg7
46.Re5g5 Kf6
47.Kg3 Ne3xc2
48.Kxg4 Rc3xd3
49.Rb1xb5 Bc6xe4
50.Rb5b6 Kf7
51.Rg5a5 Be4f3
52.Kf5 Rd3e3
53.Kf4 d3
54.Ra5a7 Kf8
55.Rb6b8 Re3e8
56.Rb8xe8 Kxe8
57.Kxf3 Nc2b4
58.Ke3 Kd8
59.Kd2 Kc8
60.Kc3 Nb4c6
61.Ra7h7 Nc6e5
62.Kd4 d2
63.Rh7h1 Ne5f3
64.Ke3 Nf3e1
65.Kxd2 Ne1f3
66.Kc3 Kc7
67.Rh1h6 Nf3e5
68.Kd4 Ne5c6
69.Kc5 Nc6e5
70.Kd5 Ne5g4
71.Rh6c6 Kd7
72.Rc6d6 Ke7
73.Kc6 Ng4e5
74.Kc7 Kf7
75.Kd8 Ne5g6
76.Rd6a6 Ng6e5
77.Ra6h6 { draw }
1/2-1/2

[Event "Tourn. n9020"]
[Site "www.chess-mail.com"]
[Date "2016.11.22"]
[Round "1"]
[White "Julian"]
[Black "Mitja"]
[WhiteElo "2020"]
[BlackElo "2000"]
[Result "0-1"]
[Round "1"]
1.e4 d5
2.exd5 Qd8xd5
3.Nb1c3 Qd5d8
4.d4 e6
5.Ng1f3 h6
6.Bf1d3 c6
7.O-O Ng8f6
8.Rf1e1 Bf8e7
9.Nc3e2 Nb8d7
10.c4 Nd7b6
11.Bc1f4 Nf6h5
12.Bf4e3 Nh5f6
13.Ne2c3 O-O
14.d5 exd5
15.cxd5 Nf6xd5
16.Nc3xd5 Nb6xd5
17.Be3d4 Rf8e8
18.Nf3e5 Be7f6
19.Qd1h5 Bf6xe5
20.Bd4xe5 Nd5f6
21.Be5xf6 gxf6
22.Qh5xh6 f5
23.Re1xe8 Qd8xe8
24.Kf1 Bc8e6
25.Ra1e1 Qe8f8
26.Qh6h5 Ra8e8
27.Re1e3 Qf8c5
28.Re3g3 Kf8
29.Qh5h8 Ke7
30.Qh8h4 Kd7
31.b4 Qc5c1
32.Ke2 f4
33.Rg3g7 Be6g4
{ resign }
0-1

[Event "Tourn. n8962"]
[Site "www.chess-mail.com"]
[Date "2016.11.22"]
[Round "1"]
[White "Osmundw"]
[Black "Falcoale"]
[WhiteElo "1430"]
[BlackElo "1570"]
[Result "0-1"]
[Round "1"]
1.e4 c5
2.d3 e6
3.Bc1e3 Nb8c6
4.g3 Ng8f6
5.Bf1g2 Bf8e7
6.Nb1c3 O-O
7.Ng1e2 b6
8.Be3f4 e5
9.Bf4xe5 Nc6xe5
10.Nc3d5 Nf6xd5
11.exd5 d6
12.d4 cxd4
13.Ne2xd4 Bc8b7
14.c3 Rf8e8
15.Nd4c6 Ne5xc6
16.dxc6 Be7f6
17.Kf1 Bb7a6
18.Kg1 Qd8c7
19.Qd1f3 Re8e5
20.Bg2h3 Ra8e8
21.g4 Ba6c4
22.Bh3f1 Bc4xf1
23.Kxf1 Bf6h4
24.Rh1g1 Qc7e7
25.b4 d5
26.c4 dxc4
27.Qf3f4 Qe7xb4
28.Rg1g3 Bh4xg3
29.fxg3 Qb4b2
30.Qf4xc4 Qb2xa1
31.Kg2 Re5c5
32.Qc4b3 Rc5xc6
33.Qb3d5 Qa1f6
34.g5 Qf6d6
35.Qd5f5 Qd6e6
36.Qf5d3 Qe6e2
37.Qd3xe2 Re8xe2
38.Kf3 Re2xh2
{ resign }
0-1

[Event "Tourn. n8930"]
[Site "www.chess-mail.com"]
[Date "2016.11.22"]
[Round "1"]
[White "Darko10"]
[Black "Numanoid"]
[WhiteElo "2640"]
[BlackElo "2280"]
[Result "1/2-1/2"]
[Round "1"]
1.e4 e6
2.d4 d5
3.Nb1c3 Bf8b4
4.e5 c5
5.a3 Bb4xc3
6.bxc3 Ng8e7
7.Qd1g4 Ne7f5
8.Bf1d3 h5
9.Qg4f4 Qd8c7
10.Bc1d2 Nb8c6
11.Ng1f3 Nc6e7
12.dxc5 Qc7xc5
13.O-O Bc8d7
14.Rf1b1 b6
15.Qf4g5 Rh8h6
16.Qg5f4 Rh6g6
17.h3 f6
18.Nf3h4 fxe5
19.Qf4xe5 Nf5xh4
20.Qe5xh5 Nh4f5
21.Qh5h8 Kf7
22.Qh8xa8 Bd7c6
23.Qa8d8 d4
24.g4 dxc3
25.Bd2f4 e5
26.Rb1e1 Nf5d4
27.Bd3xg6 Ne7xg6
28.Bf4e3 Nd4f3
29.Kg2 Nf3xe1
30.Kg3 Qc5c4
31.Ra1xe1 Qc4e4
32.Qd8c7 Kg8
33.Re1g1 Ng6f4
34.Qc7d8 { draw }
1/2-1/2